Guidobaldo del Monte (1545–1607) (Record no. 10765)
[ view plain ]
| 000 -LEADER | |
|---|---|
| fixed length control field | 00605nam a2200121Ia 4500 |
| 008 - FIXED-LENGTH DATA ELEMENTS--GENERAL INFORMATION | |
| fixed length control field | 220615s9999||||xx |||||||||||||| ||und|| |
| 100 ## - MAIN ENTRY--PERSONAL NAME | |
| Personal name | Antonio Becchi (ed.)||Domenico Bertoloni Meli (ed.)||Enrico Gamba (ed.) |
| 245 #0 - TITLE STATEMENT | |
| Title | Guidobaldo del Monte (1545–1607) |
| Remainder of title | Theory and Practice of the Mathematical Disciplines from Urbino to Europe |
| 546 ## - LANGUAGE NOTE | |
| Language note | English[eng] |
| 650 ## - SUBJECT ADDED ENTRY--TOPICAL TERM | |
| Topical term or geographic name entry element | epistemology||globalization||science||MPRL||Edition Open Access||global history||interdisciplinary research||history of science||knowledge |
| 856 ## - ELECTRONIC LOCATION AND ACCESS | |
| Uniform Resource Identifier | <a href="http://www.edition-open-access.de/proceedings/4/index.html">http://www.edition-open-access.de/proceedings/4/index.html</a> |
| 942 ## - ADDED ENTRY ELEMENTS (KOHA) | |
| Koha item type | E-Books |
| Withdrawn status | Lost status | Damaged status | Not for loan | Home library | Current library | Date acquired | Total Checkouts | Date last seen | Price effective from | Koha item type |
|---|---|---|---|---|---|---|---|---|---|---|
| Kerala University of Digital Sciences, Innovation and Technology Knowledge Centre | Kerala University of Digital Sciences, Innovation and Technology Knowledge Centre | 15/06/2022 | 15/06/2022 | 15/06/2022 | E-Books |